000 01338cac a2200361 i 4500
003 EG-GICUC
005 20260121101542.0
008 990518s2000 caua frb 001 0 eng d
020 _a0761919414
_qperm. paper
020 _a9780761919414
040 _aDLC
_cDLC
_dDLC
_dEG-GICUC
_beng
_erda
043 _an-us---
050 0 0 _aHV7936.C88
_bA53 2000
082 0 0 _a343.641073
_221
092 0 4 _221
099 _aLaw 10 2000
245 0 0 _aAnalyzing crime patterns :
_bfrontiers of practice /
_cVictor Goldsmith ... [et al.] editors.
264 _aThousand Oaks, Calif. :
_bSage Publications,
_c2000.
300 _aviii, 187 page :
_billustrations ;
_c26 cm.
336 _atext
_btxt
_2rdacontent
337 _aunmediated
_bn
_2rdamedia
338 _avolume
_bnc
_2rdacarrier
504 _aIncludes bibliographical references and index.
650 0 _aCrime analysis
_zUnited States.
650 0 _aCriminal statistics
_zUnited States.
650 0 _aSpatial behavior
_zUnited States.
700 1 _aGoldsmith, Victor.
856 4 2 _uhttps://fll.law.cu.edu.eg/fulltext/bks/ENGB10-00138.pdf
856 4 2 _3Publisher description
_uhttp://www.loc.gov/catdir/enhancements/fy0656/99006533-d.html
856 4 1 _3Table of contents only
_uhttp://www.loc.gov/catdir/enhancements/fy0656/99006533-t.html
905 _a10
942 _2ddc
_cBK
_e21
_n0
999 _c52782
_d52782